Особые режимы работы тиратронов ТР1-85/15 и требования, предъявляемые к газоразрядным приборам в схемах получения мощных магнитных полей; Электронная техника: Научно-технический сборник. Серия 3. Газоразрядные приборы; Вып. 2

Detalles Bibliográficos
Parent link:Электронная техника: Научно-технический сборник. Серия 3. Газоразрядные приборы
Вып. 2.— 1967.— С. 49-53
Autor principal: Ивашин В. В.
Otros Autores: Миненко Л. И., Чучалин И. П.
Lenguaje:ruso
Publicado: 1967
Materias:
Formato: MixedMaterials Capítulo de libro
KOHA link:https://koha.lib.tpu.ru/cgi-bin/koha/opac-detail.pl?biblionumber=592577

MARC

LEADER 00000naa0a2200000 4500
001 592577
005 20250108181136.0
035 |a (RuTPU)RU\TPU\tpu\4833 
035 |a TPU00004834 
090 |a 592577 
100 |a 20011210d1967 k||y0rusy50 ca 
101 0 |a rus 
102 |a RU 
200 1 |a Особые режимы работы тиратронов ТР1-85/15 и требования, предъявляемые к газоразрядным приборам в схемах получения мощных магнитных полей  |f В. В. Ивашин, Л. И. Миненко, И. П. Чучалин 
320 |a Библиогр.: 5 назв. 
461 |t Электронная техника: Научно-технический сборник. Серия 3. Газоразрядные приборы 
463 |t Вып. 2  |v С. 49-53  |d 1967 
610 1 |a радиоэлектроника 
610 1 |a труды учёных ТПУ 
700 1 |a Ивашин  |b В. В. 
701 1 |a Миненко  |b Л. И. 
701 1 |a Чучалин  |b И. П. 
801 0 |a RU  |b 63413507  |c 20011210  |g PSBO 
801 2 |a RU  |b 63413507  |c 20080129  |g PSBO 
942 |c CR